Agricultural Land Tribunals (Rules) Order consultation (Record no. 106340)
[ view plain ]
| 000 -LEADER | |
|---|---|
| fixed length control field | 01161cab a2200241 4500 |
| 001 - CONTROL NUMBER | |
| control field | L136222 |
| 008 - FIXED-LENGTH DATA ELEMENTS--GENERAL INFORMATION | |
| fixed length control field | 070118n2007 000 0 eng u |
| 035 ## - SYSTEM CONTROL NUMBER | |
| System control number | (Sirsi) u136222 |
| 041 0# - LANGUAGE CODE | |
| Language code of text/sound track or separate title | eng |
| 050 04 - LIBRARY OF CONGRESS CALL NUMBER | |
| Classification number | 630.026 $2 18 |
| 110 1# - MAIN ENTRY--CORPORATE NAME | |
| Corporate name or jurisdiction name as entry element | United Kingdom |
| Subordinate unit | Department for Environment, Food and Rural Affairs |
| 245 00 - TITLE STATEMENT | |
| Title | Agricultural Land Tribunals (Rules) Order consultation |
| 260 ## - PUBLICATION, DISTRIBUTION, ETC. | |
| Place of publication, distribution, etc. | London |
| Name of publisher, distributor, etc. | DEFRA |
| Date of publication, distribution, etc. | 2007 |
| 520 ## - SUMMARY, ETC. | |
| Summary, etc. | Links to the consultation letter, list of consultees, consultation document, draft SI and partial regulatory impact assessment for the proposed revisions to the Agricultural Land Tribunals (Rules) Order for England and Wales. |
| 590 ## - LOCAL NOTE (RLIN) | |
| Local note | KA |
| 650 24 - SUBJECT ADDED ENTRY--TOPICAL TERM | |
| Topical term or geographic name entry element | AGRICULTURAL LAND TRIBUNALS (RULES) ORDER 1978 |
| 650 24 - SUBJECT ADDED ENTRY--TOPICAL TERM | |
| Topical term or geographic name entry element | DRAFT AGRICULTURAL LAND TRIBUNALS (RULES) ORDER 2006 |
| 650 24 - SUBJECT ADDED ENTRY--TOPICAL TERM | |
| Topical term or geographic name entry element | AGRICULTURAL LAND TRIBUNAL (SUCCESSION TO AGRICULTURAL TENANCIES) ORDER 1984 |
| 651 #4 - SUBJECT ADDED ENTRY--GEOGRAPHIC NAME | |
| Geographic name | England and Wales |
| Chronological subdivision | 1543- |
| 690 ## - LOCAL SUBJECT ADDED ENTRY--TOPICAL TERM (OCLC, RLIN) | |
| Topical term or geographic name as entry element | PROPERTY-LANDLORD AND TENANT-AGRICULTURAL TENANCIES |
| 856 40 - ELECTRONIC LOCATION AND ACCESS | |
| Uniform Resource Identifier | <a href="https://www.defra.gov.uk/corporate/consult/alt-order/index.htm">https://www.defra.gov.uk/corporate/consult/alt-order/index.htm</a> |
| Public note | View the Consulation papers free of charge at www.defra.gov.uk... |
| 942 ## - ADDED ENTRY ELEMENTS (KOHA) | |
| Suppress in OPAC | 0 |
| Withdrawn status | Lost status | Source of classification or shelving scheme | Damaged status | Not for loan | Home library | Current library | Shelving location | Date acquired | Total Checkouts | Full call number | Barcode | Date last seen | Copy number | Price effective from | Koha item type |
|---|---|---|---|---|---|---|---|---|---|---|---|---|---|---|---|
| Dewey Decimal Classification | Virtual | Virtual | Online | 18/01/2007 | ONLINE PUBLICATION | 136222-1001 | 06/08/2019 | 1 | 06/08/2019 | Journal article |